00736nam a22002057a 450000500170000001000150001702000270003203500140005903700140007308200110008710000260009824500490012426000310017327001080020430000270031250000210033994200250036099900190038595201260040420180423114222.0 aENG-122743 a9788181523648c1495.00 aEN-106275 bDBAD/PUB. a305.42 aReddy, G. Vidya Sagar aWomen empowerment /cby G. Vidya Sagar Reddy aJaipurbBook Enclavec2015 aF-11, S.S. Tower, Dhamani Street, Chaura Rasta,bJaipure302003k+91-141-2311900mbookenclave@yahoo.comv a290p.c22cm.(Hb)bill. aIt include index 2ddccENmREDh305.42 c151663d151663 001040718NFICaDBADbZLSd2018-04-23eDBAD/PUBg1495.00l0o305.42 REDpEN-106275r2018-04-23 00:00:00t1v1495.00yEN